| 000 | 00504nam a22001817a 4500 | ||
|---|---|---|---|
| 005 | 20240503121714.0 | ||
| 008 | 240503b |||||||| |||| 00| 0 eng d | ||
| 020 | _a9780672321535 | ||
| 082 |
_a005.133 _bPOW-C |
||
| 100 | _aPowell,Robert | ||
| 245 |
_aC# and the .NET Framework / _cRichard Weeks |
||
| 260 |
_aUSA: _bSVM; _c2002. |
||
| 300 |
_aXI, 620 P. : _bill; _c24 cm. |
||
| 500 | _aInclude index. | ||
| 650 | _acomputer science/ Java Programming Language | ||
| 700 | _aRichard Weeks | ||
| 999 |
_c35673 _d35673 |
||